000 00572nam a2200181 4500
999 _c163574
_d163574
005 20190516150513.0
010 _aENG-125069
020 _a9789381615300
_c150.00
035 _aEN-108601
037 _bDBAD/PUB
082 _a823.92
100 _aPaul, Deepanjan
245 _aPlease come to my desk/
_cby Deepanjan Paul
260 _aNew Dehi
_bPragatisheel Prakashan
_c2013
270 _aN-3/25, 1st Floor, Mohan Garden
_bNew Delhi
_e110059
_k9718206257
_mpragatisheelprakashan@yahoo.in
300 _a97p.
_c22cm.(Hb)
942 _2ddc
_cEN
_h823.92
_mPAU